OS DIAMS MUMPS

Gespeichert in:
Bibliographische Detailangaben
Format: Buch
Sprache:Slowakisch
Veröffentlicht: Bratislava Datasystém 1982
Ausgabe:2. vyd.
Schriftenreihe:Program
Tags: Tag hinzufügen
Keine Tags, Fügen Sie das erste Tag hinzu!

MARC

LEADER 00000nam a2200000 4500
001 c112712
005 20041019155153.7
041 0 |a slo 
044 |a SK 
245 1 0 |a OS DIAMS  |b MUMPS 
250 |a 2. vyd. 
264 1 |a Bratislava  |b Datasystém  |c 1982 
300 |a 126 s. 
490 1 |a Program 
830 0 |a Program